zpět

Detail výsledku týmu

The Pub Praha 2 ČT, Praha

Datum a čas kvízu

22.5 Celkem bodů Celkový počet nahraných bodů na tomto kvízu bez doplňovacích otázek.
15. Pořadí na kvízu Konečné umístění týmu na tomto kvízu.

Zaznamenané odpovědi

# Otázka Odpověď Body Výsledky
1. V noci na pátek se v pražské z... gorila 1
2. V pondělí večer došlo k úplném... přes Severní Ameriku 1
3. Ve zprávách se minulý týden ob... Čečensko 0
4. Andrej Babiš se na sociálních... Věra Jourová 0
5. V prvním přípravném zápase pře... Německo, David Tomášek 1
6. V pěti otázkách tohoto tématu... halit 1
7. Jaká je denní dávka kuchyňské... B 1
8. Jak se nazývá původem japonská... C) gomasio 0
9. Nejen lidé, ale i zvířata potř... liz 1
10. Chcete-li si užít blahodárného... D) Bad Ischl 1